000
00189 a2200097 4500
020
_a
9789992492512
041
_a
spa
100
_a
David C. Robinson O.
245
_a
Heuristicas
942
_c
BK
999
_c
14551
_d
14551